[Event "Mittelfranken-chTB2a 1213"]
[Site "Germany"]
[Date "2013.01.27"]
[Round "1.6"]
[White "Sand, Peter"]
[Black "Boellmann, Dierk"]
[Result "1/2-1/2"]
[WhiteElo "1800"]
[BlackElo "1566"]
[PlyCount "56"]
[EventDate "2012.10.07"]
[EventType "team-tourn"]
[EventRounds "9"]
[EventCountry "GER"]
[SourceTitle "EXT 2019"]
[Source "ChessBase"]
[SourceDate "2018.10.10"]
[SourceVersion "1"]
[SourceVersionDate "2018.10.10"]
[SourceQuality "1"]
[WhiteTeam "Fuerth SF II"]
[BlackTeam "Bad Windsheim"]
[WhiteTeamCountry "GER"]
[BlackTeamCountry "GER"]

1. e4 c6 2. d4 d5 3. Nd2 dxe4 4. Nxe4 Bf5 5. Ng3 Bg6 6. Nf3 h6 7. Ne5 Bh7 8. Bc4 e6 9. Qe2 Qe7 10. 0-0 Nd7 11. Be3 Ngf6 12. Bb3 Nd5 13. Bd2 Nxe5 14. dxe5 Qc7 15. Rad1 Bc5 16. Kh1 Bd4 17. c4 Ne7 18. Bc3 Bxc3 19. bxc3 0-0 20. Rd6 Rad8 21. Rfd1 Nc8 22. R6d4 c5 23. R4d2 Rxd2 24. Rxd2 Rd8 25. f4 Kf8 26. Kg1 Ne7 27. Qd1 Nc6 28. Kf2 Bg6 1/2-1/2